000 01343nam a2200289 a 4500
001 BRCA_4914
005 20190320204845.0
008 201010s1814----mx-#######---#000-0#spa-#
041 _aspa
044 _amx
084 _aDOC8
_b.M67
_c1814
100 1 _aMorelos y Pavón, José María
_d1765-1815
_97961
245 1 0 _aDocumento firmado por Don José María Morelos y Pavón.
_cJosé María Morelos y Pavón ; Mariano Villegas.
260 _aPetatlán, Gro., México
_c1814
300 _a[2] fojas
_c21 x 15 cm.
500 _aDocumento firmado el 18 de abril de 1814
500 _aDocumento que contiene una orden de Don José María Morelos y Pavón, fechada en Patatlán (Guerrero) y dirigida a Don Mariano Villegas, para que este la remita a Zacatula.
500 _aEl documento contiene la leyenda DOC. #17
500 _aEstado de conservación: contiene laguna en el margen izquierdo y anotación con tinta roja en la parte superior.
506 0 _aFondo Reservado. Para su consulta es necesario credencial de usuario y carta de motivos.
546 _aTexto en: español de principios del siglo XIX.
600 1 4 _aMorelos y Pavón, José María
_d1765-1815
_xHistoria
_912444
651 4 _aMéxico
_xHistoria
_yGuerra de Independencia, 1810-1821
_912445
700 1 _aVillegas, Mariano
_912446
902 _aFDH
942 _2lcc
_cD
999 _c4608
_d4608